000 00656nam a2200205Ii 4500
003 JO-AjNU
008 230605s9999||||xx |||||||||||||| ||und||
040 _aJO-AjNU
_bara
_erda
_cJO-AjNU
041 _aara
050 1 4 _aPJ6696.Z5.F582 1983
100 3 _aتأليف لاشين، عبد الفتاح,
_eauthor
_98662
245 0 0 _aالمعاني في ضوء أساليب القرآن
250 _aط4
264 3 1 _aد.م: المكتبة الأموية، 1983
300 _a378ص
336 _atext
_btxt
_2rdacontent
337 _aunmediated
_bn
_2rdamedia
338 _avolume
_bnc
_2rdacarrier
650 4 _aالقرآن الكريم - بلاغة
_98663
999 _aA903
_c4471
_d4471